000 00412nam a22001697a 4500
005 20160617163019.0
008 160617b xxu||||| |||| 00| 0 eng d
020 _a81-7036-702-8
041 _aeng
082 _b8032
100 _aNilakant. V and Ramnarayan S
_92148
245 _aManaging Organisational Change
260 _bPersonse Books
_c2003
300 _a371
650 _aManagement
_9241
942 _cBK
999 _c3001
_d3000